| 000 | 00392nam a2200157Ia 4500 | ||
|---|---|---|---|
| 003 | Ost | ||
| 005 | 20260225132540.0 | ||
| 008 | 260225s9999||||xx |||||||||||||| ||und|| | ||
| 040 | _cfsic | ||
| 041 | _afre | ||
| 082 | _a341.6 | ||
| 100 |
_aFrançoise thibaut _eAuteur |
||
| 245 | 0 | _aLes voies de passage et de communication international / | |
| 245 | 0 | _cFrançoise thibaut | |
| 942 | _cكتاب | ||
| 999 |
_c33447 _d33447 |
||